中国各省区最高主峰Highest Peaks of Each Province in China - Statistics

General Stats
  • This quiz has been taken 244 times
  • The average score is 8 of 34
Answer Stats
省级行政区 最高主峰 海拔/米 % Correct
西藏自治区 珠穆朗玛峰 8848.86
89%
台湾省 玉山 3952
57%
新疆维吾尔自治区 乔戈里峰 8611
47%
海南省 五指山 1867
41%
山东省 玉皇顶 1532.7
37%
四川省 贡嘎山 7556
36%
山西省 北台叶斗峰 3061.1
35%
陕西省 太白山 2767
35%
云南省 梅里雪山 6710
31%
上海市 大金山 103.4
29%
黑龙江省 大秃顶子 1690
26%
安徽省 莲花峰 1864.8
26%
河北省 小五台山 2882
25%
贵州省 韭菜坪 2900
24%
北京市 东灵山 2303
23%
广西壮族自治区 猫儿山 2141
23%
湖北省 神农顶 3106.2
22%
内蒙古自治区 敖包圪垯 3556
19%
宁夏回族自治区 敖包圪垯 3556
19%
浙江省 黄茅尖 1921
18%
江苏省 云台山 624.4
17%
香港特别行政区 大帽山 957
17%
福建省 黄岗山 2160.8
14%
江西省 黄岗山 2160.8
14%
河南省 老鸦岔脑 2414
13%
广东省 石坑崆 1902
13%
甘肃省 阿尔金山 5798
13%
重庆市 阴条岭 2797
11%
青海省 布喀达坂峰 6860
9%
天津市 八仙桌子 1052
8%
吉林省 白云峰 2691
8%
湖南省 壶瓶山 2099
5%
澳门特别行政区 叠石塘山 172.4
4%
辽宁省 花脖山 1336
3%
No matching quizzes found
Score Distribution
Percent of People with Each Score
Percentile by Number Answered
Your Score History
You have not taken this quiz